Pautas para identificar, formular y evaluar proyectos
Guardat en:
| Autor principal: | |
|---|---|
| Format: | Llibre |
| Idioma: | espanyol |
| Publicat: |
Buenos Aires
Macchi
2004
|
| Edició: | 2a. ed |
| Matèries: | |
| Etiquetes: |
Afegir etiqueta
Sense etiquetes, Sigues el primer a etiquetar aquest registre!
|
MARC
| LEADER | 00000nam a2200000 a 4500 | ||
|---|---|---|---|
| 001 | UCK4667 | ||
| 003 | CL-VaPUC | ||
| 008 | 050617e20040000AG |||||||||||||||||spa|d | ||
| 020 | |a 9505376197 | ||
| 082 | 0 | 4 | |a 658.404 |b GIN |2 21 |
| 100 | |a Ginestar, Ángel |e author |9 493256 | ||
| 245 | 1 | 0 | |a Pautas para identificar, formular y evaluar proyectos |
| 250 | |a 2a. ed | ||
| 300 | |a 936 p | ||
| 942 | |c BK | ||
| 945 | |d 20050617 00:00:00 |a cmena | ||
| 260 | |a Buenos Aires |b Macchi |c 2004 | ||
| 650 | 0 | |a Gestión de proyectos |9 260970 | |
| 650 | 0 | |a Evaluación de proyectos |9 259341 | |
| 650 | 0 | |a Planificación estratégica |9 259735 | |
| 583 | |a last modification |c 20050617 00:00:00 |k Rodrigo Vera | ||
| 999 | |c 313485 |d 313483 | ||
| 952 | |0 0 |1 0 |4 0 |6 658_404000000000000_GIN_2004 |7 0 |8 A |9 384868 |a BIBING |b BIBING |d 2019-11-22 |i 4140087 |o 658.404 GIN 2004 |p 4140087 |r 2025-01-20 |w 2019-11-22 |y BK |k EII | ||